Fr. Conceicao Rodrigues College of Engineering

Algorithms and theory of computation Handbook:concepts and techniques (Record no. 35561)

MARC details
000 -LEADER
fixed length control field 00376nam a2200145Ia 4500
082 ## - DEWEY DECIMAL CLASSIFICATION NUMBER
Classification number 5.1
Item number ATA
100 ## - MAIN ENTRY--PERSONAL NAME
Personal name Atallah/Mikhail J/ Blanton/Marina
245 ## - TITLE STATEMENT
Title Algorithms and theory of computation Handbook:concepts and techniques
260 ## - PUBLICATION, DISTRIBUTION, ETC.
Name of publisher, distributor, etc. CRC Press
Date of publication, distribution, etc. 2009
366 ## - TRADE AVAILABILITY INFORMATION
Publishers's discount category 25
546 ## - LANGUAGE NOTE
Language note ENGLISH
-- Computers
650 ## - SUBJECT ADDED ENTRY--TOPICAL TERM
Topical term or geographic name entry element Algorithms
654 ## - SUBJECT ADDED ENTRY--FACETED TOPICAL TERMS
Focus term algorithms
942 ## - ADDED ENTRY ELEMENTS (KOHA)
Koha item type Reference Book
Holdings
Withdrawn status Lost status Damaged status Not for loan Collection Home library Current library Date acquired Source of acquisition Cost, normal purchase price Inventory number Total Checkouts Full call number Barcode Date last seen Cost, replacement price Price effective from Koha item type
        CRC Fr. Agnel's C.Rodrigues College of Engineering Fr. Agnel's C.Rodrigues College of Engineering 17/03/2023 Allied Publishers 2625.00 2821 dt 19/02/2013   5.1 ATA 22574 17/03/2023 3500.00   Reference Book